000 00590nam a22001937a 4500
005 20260514102833.0
010 _aENG-148463
020 _a9789395481083
_c400.00
035 _aEN-131995
037 _bDBAD
082 _aN
100 _aRanganathan, Sandhya
_989075
245 _aIf Then Else/
_cSandhya Ranganathan
250 _a1
260 _bVishwakarma Publications
_c2023
_aMaharashtra
270 _a34A/1, Suyog Center, 7th floor, Gultekedi Marketyard Road, Giridhar Bhavan Chowk,
_e411037
_bPune
_minfo@vpindia.co.in
300 _a263p.
_c21cm (pb)
942 _2ddc
_cEN
_hN
_mRAN
999 _c216147
_d216147